Курсовое проектирование по технологии машиностроения: учебное пособие

Bibliografiska uppgifter
Huvudupphovsman: Белозеров Б. П. Борис Павлович
Institutionella upphovsmän: Томский политехнический университет (ТПУ) Юргинский технологический институт, Северская государственная технологическая академия (СГТА)
Övriga upphovsmän: Ефременков А. Б. Андрей Борисович
Sammanfattning:В пособии приводятся рекомендации и вспомогательные материалы для выполнения курсового и технологического раздела дипломного проектов. Излагается подход к выбору заготовок, рассматривается назначение технологического маршрута, приведены данные для расчета припусков и режимов резания, технического нормирования, а также изложен порядок разработки приспособлений для механической обработки. В приложениях даны примеры заполнения технологических карт и оформления проектов. Предназначено для студентов всех форм обучения специальностей 151001 «Технология машиностроения», 150202 «Оборудование и технология сварочного производства», 150402 «Горные машины и оборудование», 110304 «Технология обслуживания и ремонта машин в агропромышленном комплексе», 240801 «Машины и аппараты химических производств» и др.
Språk:ryska
Publicerad: Томск, Изд-во ТПУ, 2008
Ämnen:
Materialtyp: Bok
KOHA link:https://koha.lib.tpu.ru/cgi-bin/koha/opac-detail.pl?biblionumber=146405

MARC

LEADER 00000nam0a2200000 4500
001 146405
005 20231031144610.0
035 |a (RuTPU)RU\TPU\book\158702 
090 |a 146405 
100 |a 20081029d2008 m y0rusy50 ca 
101 0 |a rus 
102 |a RU 
105 |a a j 001zy 
200 1 |a Курсовое проектирование по технологии машиностроения  |e учебное пособие  |f Б. П. Белозеров, А. Б. Ефременков  |g Томский политехнический университет (ТПУ), Юргинский технологический институт; Северская государственная технологическая академия (СГТА) 
210 |a Томск  |c Изд-во ТПУ  |d 2008 
215 |a 164 с.  |c ил. 
320 |a Библиогр.: с. 138-140. 
330 |a В пособии приводятся рекомендации и вспомогательные материалы для выполнения курсового и технологического раздела дипломного проектов. Излагается подход к выбору заготовок, рассматривается назначение технологического маршрута, приведены данные для расчета припусков и режимов резания, технического нормирования, а также изложен порядок разработки приспособлений для механической обработки. В приложениях даны примеры заполнения технологических карт и оформления проектов. Предназначено для студентов всех форм обучения специальностей 151001 «Технология машиностроения», 150202 «Оборудование и технология сварочного производства», 150402 «Горные машины и оборудование», 110304 «Технология обслуживания и ремонта машин в агропромышленном комплексе», 240801 «Машины и аппараты химических производств» и др. 
610 1 |a машиностроение 
610 1 |a технология 
610 1 |a курсовое проектирование 
610 1 |a механическая обработка 
610 1 |a металлорежущие станки 
610 1 |a припуски 
610 1 |a предельные размеры 
610 1 |a режимы резания 
610 1 |a расчет 
610 1 |a техническое нормирование 
610 1 |a приспособления 
610 1 |a проектирование 
610 1 |a технологические карты 
610 1 |a учебные пособия 
610 1 |a труды учёных ТПУ 
675 |a 621.002.001.63(075.8)  |v 3 
700 1 |a Белозеров  |b Б. П.  |g Борис Павлович 
701 1 |a Ефременков  |b А. Б.  |c специалист в области машиностроения, организации высшего профессионального образования  |c директор Юргинского технологического института (филиала) Томского политехнического университета  |f 1973-  |g Андрей Борисович  |2 stltpush  |3 (RuTPU)RU\TPU\pers\24289 
712 0 2 |a Томский политехнический университет (ТПУ)  |b Юргинский технологический институт  |2 stltpush  |3 (RuTPU)RU\TPU\col\12451 
712 0 2 |a Северская государственная технологическая академия (СГТА)  |2 stltpush  |3 (RuTPU)RU\TPU\col\9585 
801 1 |a RU  |b 63413507  |c 20081029  |g PSBO 
801 2 |a RU  |b 63413507  |c 20150605  |g PSBO 
942 |c BK